000 00276nam a2200097Ia 4500
001 990206
005 20250826221306.0
008 250824s9999 xx 000 0 und d
245 0 _aKRAL ŞAKİR/HAYAT KISA FİLLER UÇUYOR/T1
_cHALUK CAN DİZDAROĞLU
260 _bİKİ A YAYINCILIK
999 _c990206
_d990206